| 000 | 00000nam##2200000za#4500 |
| 001 | 9.579811 |
| 003 | CaOODSP |
| 005 | 20210624190735 |
| 007 | cr ||||||||||| |
| 008 | 150406|2001||||xxc|||||o f|0| 0 eng|d |
| 040 | |aCaOODSP|beng |
| 043 | |an-cn--- |
| 086 | 1 |aEn163-1/10E-PDF |
| 110 | 1 |aCanada. |bEnvironment Canada. |bOntario Region. |
| 245 | 10|aHealth & safety procedures for contaminated sites |h[electronic resource] |
| 260 | |aDownsview - Ontario : |bEnvironment Canada. |
| 300 | |a3p.|breferences |
| 490 | 1 |aTABs on contaminated sites |vTAB #10 |
| 590 | |a14-13-Supp|b2014-06-23 |
| 690 | 07|aPollution|2gcpds |
| 690 | 07|aPublic safety|2gcpds |
| 690 | 07|aWorkplace safety|2gcpds |
| 775 | 08|tProcédures de santé et de sécurité visant les lieux contaminés |w(CaOODSP)9.607066 |
| 830 | #0|aTABs on contaminated sites ;|vTAB #10|w(CaOODSP)9.507838 |
| 856 | 40|ahttp://publications.gc.ca|qPDF|s84 KB|uhttps://publications.gc.ca/collections/collection_2014/ec/En163-1-10-eng.pdf|yTAB #10 |